<?xml version="1.0" encoding="UTF-8"?>
<record
    xmlns:xsi="http://www.w3.org/2001/XMLSchema-instance"
    xsi:schemaLocation="http://www.loc.gov/MARC21/slim http://www.loc.gov/standards/marcxml/schema/MARC21slim.xsd"
    xmlns="http://www.loc.gov/MARC21/slim">

  <leader>01867nam a22002897a 4500</leader>
  <controlfield tag="001">1305</controlfield>
  <controlfield tag="005">20230814111622.0</controlfield>
  <controlfield tag="008">230814b        cb ||||| |||| 00| 0 khr d</controlfield>
  <datafield tag="020" ind1=" " ind2=" ">
    <subfield code="a">9789924340195</subfield>
  </datafield>
  <datafield tag="040" ind1=" " ind2=" ">
    <subfield code="a">FISKH </subfield>
    <subfield code="b"> eng</subfield>
    <subfield code="c">FISKH </subfield>
    <subfield code="d">FISKH </subfield>
  </datafield>
  <datafield tag="082" ind1=" " ind2=" ">
    <subfield code="a">294.5211</subfield>
  </datafield>
  <datafield tag="100" ind1=" " ind2=" ">
    <subfield code="a">Pisey, Imm </subfield>
  </datafield>
  <datafield tag="245" ind1=" " ind2=" ">
    <subfield code="a">&#x17A2;&#x179C;&#x178F;&#x17B6;&#x179A;&#x1794;&#x179F;&#x17CB;&#x1796;&#x17D2;&#x179A;&#x17C7;&#x179C;&#x17B7;&#x179F;&#x17D2;&#x178E;&#x17BB; / </subfield>
    <subfield code="c">&#x17A2;&#x17CA;&#x17B9;&#x1798; &#x1796;&#x17B7;&#x179F;&#x17B8; </subfield>
  </datafield>
  <datafield tag="250" ind1=" " ind2=" ">
    <subfield code="a">&#x1794;&#x17C4;&#x17C7;&#x1796;&#x17BB;&#x1798;&#x17D2;&#x1796;&#x179B;&#x17BE;&#x1780;&#x1791;&#x17B8; &#x17E2; &#x1781;&#x17C2;&#x1798;&#x17B7;&#x1790;&#x17BB;&#x1793;&#x17B6; &#x1786;&#x17D2;&#x1793;&#x17B6;&#x17C6; &#x17E2;&#x17E0;&#x17E2;&#x17E1; </subfield>
  </datafield>
  <datafield tag="260" ind1=" " ind2=" ">
    <subfield code="a">Phnom Penh : </subfield>
    <subfield code="b">Sipar, </subfield>
    <subfield code="c">2021. </subfield>
  </datafield>
  <datafield tag="300" ind1=" " ind2=" ">
    <subfield code="a">35 pages : </subfield>
    <subfield code="b">color illustrations ; </subfield>
    <subfield code="c">19 cm </subfield>
  </datafield>
  <datafield tag="490" ind1=" " ind2=" ">
    <subfield code="a">&#x1781;&#x17D2;&#x1789;&#x17BB;&#x17C6;&#x17A2;&#x17B6;&#x1793;&#x1794;&#x17B6;&#x1793; </subfield>
    <subfield code="v">&#x1797;&#x17B6;&#x1782; &#x17E1; </subfield>
  </datafield>
  <datafield tag="505" ind1=" " ind2=" ">
    <subfield code="a">Y 

</subfield>
  </datafield>
  <datafield tag="520" ind1=" " ind2=" ">
    <subfield code="a">&#x178A;&#x17BE;&#x1798;&#x17D2;&#x1794;&#x17B8;&#x179F;&#x17D2;&#x179A;&#x17C4;&#x1785;&#x179F;&#x17D2;&#x179A;&#x1784;&#x17CB;&#x1795;&#x17C2;&#x1793;&#x178A;&#x17B8;&#x17B3;&#x17D2;&#x1799;&#x179A;&#x17BD;&#x1785;&#x1795;&#x17BB;&#x178F;&#x1796;&#x17B8; &#x1780;&#x17B6;&#x179A;&#x1787;&#x17B7;&#x17C7;&#x1787;&#x17B6;&#x1793;&#x17CB; &#x1793;&#x17B7;&#x1784;&#x1780;&#x17B6;&#x179A;&#x179C;&#x17B6;&#x1799;&#x1794;&#x17D2;&#x179A;&#x17A0;&#x17B6;&#x179A;&#x1796;&#x17B8;&#x17A2;&#x179F;&#x17BB;&#x179A; &#x17AC;&#x17A2;&#x17C6;&#x1796;&#x17BE;&#x17A2;&#x17B6;&#x1780;&#x17D2;&#x179A;&#x1780;&#x17CB;&#x1791;&#x17B6;&#x17C6;&#x1784;&#x17A1;&#x17B6;&#x1799; &#x1796;&#x17D2;&#x179A;&#x17C7;&#x179C;&#x17B7;&#x179F;&#x17D2;&#x178E;&#x17BB;&#x1794;&#x17B6;&#x1793;&#x1794;&#x1789;&#x17D2;&#x1787;&#x17BC;&#x1793;&#x17A2;&#x179C;&#x178F;&#x17B6;&#x179A;&#x1794;&#x179F;&#x17CB;&#x1791;&#x17D2;&#x179A;&#x1784;&#x17CB;&#x17B3;&#x17D2;&#x1799;&#x1798;&#x1780;&#x1795;&#x17C2;&#x1793;&#x178A;&#x17B8;&#x17D4; &#x17A2;&#x179C;&#x178F;&#x17B6;&#x1791;&#x17B6;&#x17C6;&#x1784;&#x1793;&#x17C4;&#x17C7;&#x1798;&#x17B6;&#x1793; &#x1798;&#x178F;&#x17D2;&#x179F;&#x17D2;&#x1799;&#x17B6; &#x1780;&#x17BC;&#x1798;&#x17CD;&#x17C8; &#x179C;&#x179A;&#x17B6;&#x17A0;&#x17C8; &#x1793;&#x179A;&#x179F;&#x17B7;&#x1784;&#x17D2;&#x17A0; &#x179C;&#x17B6;&#x1798;&#x1793;&#x17C8; &#x1794;&#x179A;&#x179F;&#x17BB;&#x179A;&#x17B6;&#x1798; &#x1796;&#x17D2;&#x179A;&#x17C7;&#x179A;&#x17B6;&#x1798; &#x1780;&#x17D2;&#x179A;&#x17B9;&#x179F;&#x17D2;&#x178E;&#x17C8; &#x1793;&#x17B7;&#x1784;&#x200B;&#x1780;&#x179B;&#x17D2;&#x1780;&#x17B7;&#x1793;&#x17D4; </subfield>
  </datafield>
  <datafield tag="520" ind1=" " ind2=" ">
    <subfield code="a">To save the earth from oppression and attack from evil or devil, Vishnu sent his incarnation to earth. Those avatars are Matsyakom, Varaha, Norasingha, Vamanak, Bor Suram, Preah Ream, Krishna and Kalkin.</subfield>
  </datafield>
  <datafield tag="521" ind1=" " ind2=" ">
    <subfield code="a">890 
</subfield>
    <subfield code="b">Lexile estimate 
</subfield>
  </datafield>
  <datafield tag="521" ind1=" " ind2=" ">
    <subfield code="a">Y 
</subfield>
    <subfield code="b">Raz-Plus 

</subfield>
  </datafield>
  <datafield tag="650" ind1=" " ind2=" ">
    <subfield code="a">&#x1796;&#x17D2;&#x179A;&#x17C7;&#x179C;&#x17B7;&#x179F;&#x17D2;&#x178E;&#x17BB; </subfield>
    <subfield code="v">&#x17A2;&#x179C;&#x178F;&#x17B6;&#x200B;</subfield>
    <subfield code="x">&#x1780;&#x17B6;&#x179A;&#x1787;&#x17B7;&#x17C7;&#x1787;&#x17B6;&#x1793;&#x17CB; </subfield>
    <subfield code="y">&#x17A2;&#x179F;&#x17BB;&#x179A; </subfield>
  </datafield>
  <datafield tag="650" ind1=" " ind2=" ">
    <subfield code="a">Visnu </subfield>
    <subfield code="v">incarnation </subfield>
    <subfield code="x">Oppression </subfield>
    <subfield code="y">Evil </subfield>
  </datafield>
  <datafield tag="700" ind1=" " ind2=" ">
    <subfield code="a">Pisey, Imm </subfield>
    <subfield code="c">illustrator </subfield>
  </datafield>
  <datafield tag="942" ind1=" " ind2=" ">
    <subfield code="2">ddc</subfield>
    <subfield code="c">BK</subfield>
    <subfield code="n">0</subfield>
  </datafield>
  <datafield tag="999" ind1=" " ind2=" ">
    <subfield code="c">1305</subfield>
    <subfield code="d">1305</subfield>
  </datafield>
  <datafield tag="952" ind1=" " ind2=" ">
    <subfield code="0">0</subfield>
    <subfield code="1">0</subfield>
    <subfield code="2">ddc</subfield>
    <subfield code="4">0</subfield>
    <subfield code="7">0</subfield>
    <subfield code="8">KH</subfield>
    <subfield code="a">001</subfield>
    <subfield code="b">001</subfield>
    <subfield code="c">KHRS</subfield>
    <subfield code="d">2023-08-14</subfield>
    <subfield code="l">0</subfield>
    <subfield code="o">PIS 294.5211</subfield>
    <subfield code="p">2023-0249</subfield>
    <subfield code="r">2023-08-14 10:07:28</subfield>
    <subfield code="t">1</subfield>
    <subfield code="w">2023-08-14</subfield>
    <subfield code="y">BK</subfield>
  </datafield>
  <datafield tag="952" ind1=" " ind2=" ">
    <subfield code="0">0</subfield>
    <subfield code="1">0</subfield>
    <subfield code="2">ddc</subfield>
    <subfield code="4">0</subfield>
    <subfield code="7">0</subfield>
    <subfield code="8">KH</subfield>
    <subfield code="a">002</subfield>
    <subfield code="b">002</subfield>
    <subfield code="c">SKB</subfield>
    <subfield code="d">2023-08-14</subfield>
    <subfield code="l">0</subfield>
    <subfield code="o">PIS 294.5211</subfield>
    <subfield code="p">2023-0250</subfield>
    <subfield code="r">2023-08-14 10:07:38</subfield>
    <subfield code="t">2</subfield>
    <subfield code="w">2023-08-14</subfield>
    <subfield code="y">BK</subfield>
  </datafield>
</record>
